00913nam a2200205Ia 4500003000900000008004100009020001800050040001600068080002200084111009400106245023100200260004900431300001400480490001100494650002700505700004100532942000700573999001700580952011000597IN-BaIIA211028s9999 xx 000 0 eng d a92-9092-716-X cIIA Library a520.6(082.2)bTHE aLiege International Astrophysics Colloquiumn34thcLiege, Belgiumd1998 June 15-18925536 4aThe Next generation space telescopebscience drivers and technological challenges; proceedings of the 34th Liege International astrophysics colloquium held in Liege, Belgium, June 15-18, 1998ccompiled by B. Kaldeich-Schurmann aThe NetherlandsbEuropean Space Agencyc1998 avi, 345p. aSP-429 aSpace telescope912558 aKaldeich-Schurmann, B., comp.925537 cBK c14403d14403 00104070aBANbBANcGENd2001-12-27l0o520.6(082.2)/ THEp15323r2021-11-05w2001-12-27yBKG€ 35.00